Waves of protest : social movements since the sixties

Αποθηκεύτηκε σε:
Λεπτομέρειες βιβλιογραφικής εγγραφής
Άλλοι συγγραφείς: Freeman, Jo (Επιμελητής έκδοσης), Johnson, Victoria L. (Victoria Lee) (Επιμελητής έκδοσης)
Μορφή: Βιβλίο
Γλώσσα:English
Δημοσίευση: Lanham : Rowman & Littlefield Publishers, c1999
Σειρά:People, passions, and power
Θέματα:
Ετικέτες: Προσθήκη ετικέτας
Δεν υπάρχουν, Καταχωρήστε ετικέτα πρώτοι!

MARC

LEADER 00000cam a2200000 i 4500
001 1/57953
008 020204s1999 eng d
020 |a 0-8476-8748-1 
035 |l 10000246 
040 |a GR-MY-UA  |b gre  |e aacr 
041 0 |a eng 
082 0 |a 303.4840973 
245 1 0 |a Waves of protest :  |b social movements since the sixties /  |c edited by Jo Freeman and Victoria Johnson 
260 |a Lanham :   |b Rowman & Littlefield Publishers,   |c c1999 
300 |a xi, 381 p.;  |c 23 cm. 
490 1 |a People, passions, and power 
504 |a Includes bibliographical references and index 
650 0 0 |a Social movements  |z United States  |x History. 
700 1 |a Freeman, Jo.  |4 edt 
700 1 |a Johnson, Victoria L.   |q (Victoria Lee)  |4 edt 
830 0 |a People, passions, and power 
852 |a INST  |b LESVOS  |e 20020204  |h 303.4840973 WAV  |p 005100028426  |q 005100028426  |t BK  |y 0 
852 |a INST  |b LESVOS  |e 20020204  |h 303.4840973 WAV  |p 005100028427  |q 005100028427  |t BK  |y 0 
852 |a INST  |b LESVOS  |e 20020204  |h 303.4840973 WAV  |p 005100028428  |q 005100028428  |t BK  |y 0 
852 |a INST  |b LESVOS  |e 20020204  |h 303.4840973 WAV  |p 005100028429  |q 005100028429  |t BK  |y 0 
901 |a BIBL1-2002-1 
970 |a ΜΟΥΣΤΑΚΑ  |b ΠΗΝΕΛΟΠΗ  |z 2002/02/04